| 000 | 00841nam a2200265 i 4500 | ||
|---|---|---|---|
| 001 | 000046097 | ||
| 003 | DO-SdBNP | ||
| 005 | 20240111132805.0 | ||
| 007 | ta | ||
| 008 | 150619s1982 dr a 000 0 spa d | ||
| 040 |
_aDO-SdBNP _bspa _cBNPHU _erda |
||
| 082 | 4 | _222 | |
| 245 | 0 | 0 | _aCuadernos de postgrado |
| 264 |
_aSanto Domingo : _bUASD, _c1982. |
||
| 300 |
_a3 volumenes : _bilustraciones ; _c21 cm. |
||
| 336 |
_2rdacontent _atexto _btxt |
||
| 337 |
_2rdamedia _asin mediación _bn |
||
| 338 |
_2rdacarrier _avolumen _bnc |
||
| 490 | _aPublicaciones de la Universidad Autónoma de Santo Domingo | ||
| 500 | _aLa biblioteca posee los volumenes 1, 2 y 3 | ||
| 505 |
_aCuadernos de postgrado 1-- _tCuadernos de postgrado 2-- _tCuadernos de postgrado 3. |
||
| 590 | _aInventariado, 2024/BT | ||
| 910 | _aBtavárez | ||
| 942 |
_2ddc _cLBS1 |
||
| 999 |
_c45586 _d45586 |
||